000 00695nam a2200217 a 4500
005 20230125112557.0
008 230125t2022 my ||||| |||| 00| 0 eng d
020 _a9789670031392
040 _aAKMAL
082 _a336.209595 ZAI
090 0 0 _a336.209595
_bZAI
100 1 0 _aZaimah Zainol Ariffin
_99455
245 1 0 _aMalaysian Taxation for Individuals and Businesses
_bBudget 2022
_cZaimah Zainol Ariffin
250 0 0 _a3rd ed.
260 0 0 _aSintok :
_bUniversiti Utara Malaysia,
_c2022
300 _aviii, 373p. :
_bill. ;
_c23cm
650 0 0 _aTaxation
_xLaw and legislation
_zMalaysia
_99456
650 0 0 _aTaxation
_zMalaysia
_99457
650 0 0 _aIncome tax
_zMalaysia
_99458
942 _2ddc
_cBOOK
999 _c4959
_d4959